All 85+ Rated Players on EAFC26 - Statistics

General Stats
  • This quiz has been taken 132 times
  • The average score is 78 of 95
Answer Stats
Rating Answer Position(s) Club % Correct
90 Erling Haaland ST Manchester City
100%
90 Jude Bellingham CAM (CM) Real Madrid
100%
91 Kylian Mbappé ST (LW, LM) Real Madrid
100%
91 Mohamed Salah RM (RW) Liverpool
100%
90 Ousmane Dembélé ST (RW, CAM) PSG
99%
90 Rodri CDM (CM) Manchester City
99%
89 Lamine Yamal RM (RW) FC Barcelona
98%
89 Harry Kane ST Bayern Munich
97%
89 Pedri CM (CDM, CAM) FC Barcelona
97%
88 Robert Lewandowski ST FC Barcelona
97%
90 Virgil van Dijk CB Liverpool
97%
89 Gianluigi Donnarumma GK Manchester City
96%
89 Raphinha LM (LW) FC Barcelona
96%
89 Vinicius Junior LW (ST, LM) Real Madrid
96%
89 Achraf Hakimi RB (RM) PSG
95%
89 Alisson GK Liverpool
95%
85 Emiliano Martínez GK Aston Villa
95%
88 Lautaro Martínez ST Inter Milan
95%
88 Alexander Isak ST Liverpool
94%
85 Inigo Martínez CB Al Nassr
94%
89 Thibaut Courtois GK Real Madrid
94%
88 Bukayo Saka RW (RM) Arsenal
93%
87 Cole Palmer CAM (RM, ST) Chelsea
93%
89 Florian Wirtz CAM (ST, CM) Liverpool
93%
89 Joshua Kimmich CDM (RB, CM) Bayern Munich
92%
88 Gabriel CB Arsenal
91%
88 Jan Oblak GK Atlético de Madrid
91%
89 Vitinha CM (CDM, CAM) PSG
91%
89 Federico Valverde CM (CDM, RB) Real Madrid
90%
86 Lionel Messi RW (ST, CAM, RM) Inter Miami
90%
87 William Saliba CB Arsenal
90%
87 Bruno Fernandes CAM (CM) Manchester United
89%
85 Cristiano Ronaldo ST AL Nassr
89%
86 Rúben Dias CB Manchester City
88%
87 David Raya GK Arsenal
87%
87 Frenkie de Jong CM (CDM) FC Barcelona
87%
87 Khvicha Kvaratskhelia LW (RW, LM) PSG
87%
85 Luis Díaz LM (LW, ST) Bayern Munich
87%
87 Marquinhos CB PSG
87%
88 Jamal Musiala CAM (LM, CM, ST) Bayern Munich
86%
87 Moises Caicedo CDM (CM) Chelsea
86%
87 Viktor Gyökeres ST Arsenal
86%
87 Alexis Mac Allister CM (CDM) Liverpool
85%
87 Declan Rice CDM (CM) Arsenal
85%
85 Desire Doué RW (LW, CM, RM) PSG
85%
87 Kevin De Bruyne CM (CAM) Napoli
85%
86 Nuno Mendes LB (LM) PSG
85%
87 Julian Alvarez ST Atlético de Madrid
84%
86 Marc-Andre ter Stegen GK FC Barcelona
84%
86 Nico Williams LM (RM, LW) Athletic Bilbao
84%
87 Victor Osimhen ST Galatasaray
84%
87 Jules Koundé RB (CB, RM) FC Barcelona
83%
85 Rodrygo RW (ST, RM) Real Madrid
83%
86 Ibrahima Konaté CB Liverpool
82%
87 Mike Maignan GK AC Milan
82%
87 Alessandro Bastoni CB Inter Milan
81%
86 Antonio Rüdiger CB Real Madrid
81%
86 Bruno Guimaraes CM (CDM) Newcastle United
81%
86 Michael Olise RM (RW) Bayern Munich
81%
86 Trent Alexander-Arnold RB (RM) Real Madrid
81%
87 Martin Ödegaard CM (CAM) Arsenal
80%
86 Sandro Tonali CDM (CM) Newcastle United
80%
85 Dani Carvajal RB (RM) Real Madrid
78%
87 Nicolo Barella CM Inter Milan
78%
87 Yann Sommer GK Inter Milan
78%
85 Antoine Griezmann ST (LM, CAM) Atlético de Madrid
77%
85 Phil Foden RW (CM, LW, RM) Manchester City
77%
87 Serhou Guirassy ST Borussia Dortmund
77%
86 Willian Pacho CB PSG
77%
85 N'Golo Kanté CDM (CM) Al Ittihad
76%
85 Ryan Gravenberch CDM (CM) Liverpool
76%
85 Joao Neves CM (CDM) PSG
74%
85 Karim Benzema ST (CAM) Al Ittihad
74%
86 Paulo Dybala CAM (ST) AS Roma
74%
85 Scott McTominay CM (CAM, LM) Napoli
73%
85 Bryan Mbeumo RW (RM, ST) Manchester United
72%
86 Gregor Kobel GK Borussia Dortmund
72%
85 Ederson GK Fenerbahce
71%
85 Federico Dimarco LB (LM) Inter Milan
70%
87 Jonathan Tah CB Bayern Munich
70%
86 Tijjani Reijnders CM (CDM, CAM) Manchester City
69%
85 Granit Xhaka CDM (CM) Sunderland
67%
85 Heung Min Son LW (ST, LM) LAFC
67%
85 Patrik Schick ST Bayer Leverkusen
66%
85 Unai Simón GK Athletic Club
66%
85 Dayot Upamecano CB Bayern Munich
65%
85 Dani Olmo CAM (CM, ST) FC Barcelona
64%
85 Bremer CB Juventus
63%
85 Marcus Thuram ST Inter Milan
63%
85 Fabián Ruiz CM (CDM) PSG
62%
86 Hakan Calhanoglu CDM (CM) Inter Milan
62%
85 David De Gea GK Fiorentina
61%
85 Nico Schlotterbeck CB Borussia Dortmund
60%
85 Youri Tielemans CM (CDM, CAM) Aston Villa
56%
85 Péter Gulacsi GK RB Leipzig
51%
No matching quizzes found
Score Distribution
Percent of People with Each Score
Percentile by Number Answered
Your Score History
You have not taken this quiz